000 00779cab a2200253 4500
001 ABS46620
008 090401t1992 xxu||||| |||| 00| 0 eng d
035 _a(Sirsi) u58888
041 _aeng
100 _aThesen, G.
245 _aTowards a Europe of science parks
260 _c1992
350 _a0
490 _aXIII Magazine
_v(6) May 1992, 6-9(3)
520 _aExamines the growth in science parks in Europe and calls for greater networking of them. Reviews the work of the DGXII Science park Consultancy Scheme.
650 _aANDALUCIA
650 _aSCIENCE PARKS
650 _aSPAIN
650 _aSPRINT PROGRAMME
650 _aSTRATEGIC PROGRAMME FOR INNOVATION AND TECHNOLOGY TRANSFER
690 _aOVERSEAS-EUROPE
942 _n0
948 _c04/03/1997
999 _c36018
_d36018